000 00754nam a2200217Ia 4500
003 GCL
008 140319s9999 xx 000 0 ara d
020 _a1254409960
040 _aGCL /
_cGCL
082 0 4 _a616.3623
_bع ت
100 1 _aعسكرى، فردك .
245 1 0 _aالتهاب الكبد ( سى ) :
_bالدليل الموثق - هبيتايتس C الوباء الصامت /
_cعسكرى، فردك .
700 1 _aياسر العيتى
700 1 _aكوتلر، دانييل اس .
260 _aالرياض :
_bمكتبة العبيكان ،
_c2003
300 _a339 ص ؛
_c24 سم
650 0 4 _aالكبد - امراض
650 0 4 _aالكبد - تشريح
650 0 4 _aالكبد - عيوب وتشوهات
942 _2ddc
_cBK
999 _c7917
_d7917